Demons / (Record no. 50417)
| 000 -LEADER | |
|---|---|
| fixed length control field | 00505nam a2200145 4500 |
| 020 ## - INTERNATIONAL STANDARD BOOK NUMBER | |
| International Standard Book Number | 978-0141441412 |
| 100 ## - MAIN ENTRY--PERSONAL NAME | |
| Personal name | Dostoevsky, Fyodor, |
| Relator term | author. |
| 9 (RLIN) | 87366 |
| 245 ## - TITLE STATEMENT | |
| Title | Demons / |
| Statement of responsibility, etc | Fyodor Dostoevsky. Translated by Robert A. Maguire. |
| 260 ## - PUBLICATION, DISTRIBUTION, ETC. (IMPRINT) | |
| Place of publication, distribution, etc | New York ; |
| Name of publisher, distributor, etc | Penguin Classics : |
| Date of publication, distribution, etc | June 24, 2008. |
| 300 ## - PHYSICAL DESCRIPTION | |
| Extent | 842 pages. |
| Dimensions | 7.7 x 5.2 x 1.51 inches. |
| 650 ## - SUBJECT ADDED ENTRY--TOPICAL TERM | |
| 9 (RLIN) | 54713 |
| Topical term or geographic name as entry element | Political activists |
| Form subdivision | Fiction. |
| 650 ## - SUBJECT ADDED ENTRY--TOPICAL TERM | |
| 9 (RLIN) | 57545 |
| Topical term or geographic name as entry element | Revolutionaries |
| Form subdivision | Fiction. |
| 650 ## - SUBJECT ADDED ENTRY--TOPICAL TERM | |
| 9 (RLIN) | 52783 |
| Topical term or geographic name as entry element | Terrorism |
| Form subdivision | Fiction. |
| 942 ## - ADDED ENTRY ELEMENTS (KOHA) | |
| Source of classification or shelving scheme | |
| Koha item type | Book |
| Withdrawn status | Lost status | Source of classification or shelving scheme | Damaged status | Not for loan | Home library | Current library | Date acquired | Total Checkouts | Full call number | Barcode | Date last seen | Price effective from | Koha item type |
|---|---|---|---|---|---|---|---|---|---|---|---|---|---|
| Logos International School | Logos International School | 04/20/2026 | FIC DOS | 040950 | 04/20/2026 | 04/20/2026 | Book |